Atletico Madrid Permanent Transfers - Statistics

General Stats
  • This quiz has been taken 79 times
  • The average score is 19 of 125
Answer Stats
In/OutOut Year Player Where From/To % Correct
In 2018/19 Thomas Lemar AS Monaco
87%
In 2018/19 Rodri Villarreal
60%
Out 2018/19 Fernando Torres Sagan Tosu
59%
In 2016/17 Fernando Torres AC Milan
59%
Out 2007/08 Fernando Torres Liverpool
59%
Out 2014/15 Diego Fenerbache
47%
In 2013/14 Diego Wolfsburg
47%
In 2017/18 Diego Costa Chelsea
41%
Out 2014/15 Diego Costa Chelsea
41%
In 2010/11 Diego Costa Real Valladolid
41%
In 2006/07 Diego Costa Braga
41%
In 2010/11 Diego Godin Villareal
39%
Out 2017/18 Yannick Carrasco DL Yifang
37%
In 2015/16 Yannick Carrasco AS Monaco
37%
Out 2011/12 Sergio Aguero Manchester City
36%
In 2006/07 Sergio Aguero Independiente
36%
Out 2018/19 Gabi Al Sadd
34%
In 2011/12 Gabi Real Zaragoza
34%
Out 2007/08 Gabi Real Zaragoza
34%
In 2013/14 Jose Maria Gimenez Danubio FC
34%
Out 2013/14 Falcao AS Monaco
33%
In 2011/12 Falcao FC Porto
33%
In 2014/15 Jan Oblak Benfica
30%
In 2018/19 Santiago Arias PSV Eindhoven
30%
Out 2014/15 David Villa New York City FC
29%
In 2013/14 David Villa Barcelona
29%
In 2017/18 Vitolo Sevilla
29%
In 2014/15 Antoine Griezman Real Sociedad
24%
Out 2015/16 Arda Turan Barcelona
23%
In 2011/12 Arda Turan Galatasaray
23%
In 2018/19 Gelson Martins Sporting CP
23%
In 2010/11 Juanfran CA Osasuna
23%
Out 2016/17 Miranda Inter Milan
23%
In 2011/12 Miranda Sao Paulo
23%
In 2015/16 Filipe Luis Chelsea
21%
Out 2014/15 Filipe Luis Chelsea
21%
Out 2011/12 David De Gea Manchester United
20%
Out 2015/16 Mario Mandzukic Juventus
20%
In 2014/15 Mario Mandzukic Bayern Munich
20%
Out 2015/16 Mario Suarez Fiorentina
20%
Out 2018/19 Diogo Jota Wolves
19%
In 2016/17 Diogo Jota Pacos Ferreira
19%
Out 2018/19 Kevin Gameiro Valencia
19%
In 2016/17 Kevin Gameiro Sevilla
19%
In 2018/19 Nikola Kalinic AC Milan
19%
In 2015/16 Jackson Martinez FC Porto
17%
Out 2015/16 Jackson Martinez Guangzhou Evergrande Taobao
17%
Out 2015/16 Raul Jimenez Benfica
16%
In 2014/15 Raul Jimenez CF America
16%
In 2018/19 Antonio Adan Real Betis
14%
Out 2017/18 Theo Hernandez Real Madrid
14%
Out 2017/18 Oliver Torres Porto
13%
In 2015/16 Stefan Savic Fiorentina
13%
In 1964/65 Luis Aragones Real Betis
11%
Out 2015/16 Raul Garcia Athletic Club Bilbao
11%
In 2007/08 Raul Garcia CA Osasuna
11%
In 2014/15 Angel Correa San Lorenzo
10%
Out 2004/05 Diego Simeone Racing Club
10%
In 2003/04 Diego Simeone Lazio
10%
In 2015/16 Luciano Vietto Villareal
10%
Out 2017/18 Nico Gaitan DL Yifang
10%
Out 2017/18 Alessio Cerci Hellas Verona
9%
In 2014/15 Alessio Cerci Torino
9%
Out 2017/18 Augusto Fernández BJ Renhe
9%
In 2015/16 Augusto Fernandez Celta de Vigo
9%
In 2018/19 Jonny Castro Celta de Vigo
9%
In 2016/17 Sime Vrsaljko Sassuolo
9%
Out 2014/15 Adrian Lopez FC Porto
7%
Out 2015/16 Cristian Rodríguez Independiente
7%
In 2012/13 Cristian Rodriguez FC Porto
7%
In 2010/11 Felipe Luis Deportivo la Caruna
7%
Out 2017/18 Javier Manquillo Newcastle
7%
Out 2018/19 Pierre Kunde Malong 1.FSV Mainz 05
7%
Out 2012/13 Eduardo Salvio Benfica
6%
In 2009/10 Eduardo Salvio Lanus
6%
Out 2016/17 Jesus Gamez Newcastle
6%
In 2014/15 Jesus Gamez Malaga CF
6%
Out 2015/16 Toby Alderweireld Tottenham Hotspurs
6%
In 2013/14 Toby Alderweireld Ajax
6%
Out 2012/13 Alvaro Dominguez Borussia Monchengladbach
4%
Out 2016/17 Borja Baston Swansea
4%
Out 2015/16 Emiliano Insua Stuttgart
4%
In 2012/13 Emiliano Insua Sporting CP
4%
In 2013/14 Martin Demichelis Malaga
4%
Out 2013/14 Martin Demichelis Manchester City
4%
Out 2017/18 Matías Kranevitter Zenit St. Petersburg
4%
In 2015/16 Matias Kranevitter River Plate
4%
Out 2017/18 Miguel Ángel Moyà Real Sociedad
4%
In 2014/15 Miguel Angel Moya Getafe
4%
Out 2013/14 Domingo Cisma Elche CF
3%
In 2012/13 Domingo Cisma Racing Santander
3%
In 2014/15 Guilherme Siqueira Granada CF
3%
Out 2012/13 Luis Perea CD Cruz Azul
3%
Out 2013/14 Pizzi Benfica
3%
In 2011/12 Pizzi Braga
3%
Out 2014/15 Roberto Olympiacos
3%
In 2013/14 Roberto Benfica
3%
Out 2018/19 Emiliano Velázquez Rayo Vallecano
1%
In 2014/15 Emiliano Velazquez Danubio FC
1%
In 2012/13 Emre Belözoglu Fenerbache
1%
Out 2012/13 Emre Belozoglu Fenerbache
1%
Out 2012/13 Fran Merida Hercules CF
1%
Out 2016/17 Josuha Guilavogui Wolfsburg
1%
In 2013/14 Josuha Guilavogui Saint-Etienne
1%
Out 2016/17 Leo Baptistao Espanol
1%
In 2013/14 Leo Baptistao Rayo Vallecano
1%
Out 2012/13 Paulo Assuncao Sao Paulo
1%
Out 2013/14 Ruben Micael Braga
1%
Out 2016/17 Silvio Wolves
1%
Out 2017/18 Amath Ndiaye Getafe
0%
In 2014/15 Andre Moreira GD Ribeirao
0%
Out 2012/13 Antonio Lopez RCD Mallorca
0%
In 2016/17 Axel Werner Rafaela
0%
In 2015/16 Bernard Mensah Vitória Guimaraes SC
0%
Out 2013/14 Cata Diaz Boca Juniors
0%
In 2012/13 Cata Diaz Getafe
0%
In 2013/14 Daniel Aranzubia Deportivo la Caruna
0%
Out 2013/14 Joel Robles Everton
0%
Out 2013/14 Jorge Pulido Real Madrid
0%
Out 2013/14 Leandro Cabrera Real Madrid
0%
In 2016/17 Nico Gaian Benfica
0%
Out 2017/18 Santos Borré River Plate
0%
In 2015/16 Santos Borre Deportivo Cali
0%
Out 2014/15 Sergio Asenjo Villareal
0%
In 2009/10 Sergio Asenjo Real Valladolid
0%
No matching quizzes found
Score Distribution
Percent of People with Each Score
Percentile by Number Answered
Your Score History
You have not taken this quiz